000
00318nam a22001457a 4500
008
210312b ||||| |||| 00| 0 eng d
020
_a
9780558774721
041
_a
eng
080
_2
3rd
_a
34
082
_a
34
100
_a
13
101
_a
JUR
245
_a
Tort Law for Paralegals
_c
Bevans, N. R
942
_2
udc
_c
BK
999
_c
56562
_d
56562